LIBRARY & INFORMATION CENTRE, KCAET, TAVANUR

ONLINE PUBLIC ACCESS CATALOGUE (OPAC)

Oral live Poliovirus vaccine / (Record no. 1006)

MARC details
000 -LEADER
fixed length control field 00345cam a2200145ua 4500
041 ## - LANGUAGE CODE
Language code of text/sound track or separate title eng
082 ## - DEWEY DECIMAL CLASSIFICATION NUMBER
Classification number 615.6
Item number CHU/OR
100 ## - MAIN ENTRY--AUTHOR NAME
Personal name Chumakov, M.P .
245 ## - TITLE STATEMENT
Title Oral live Poliovirus vaccine /
260 ## - PUBLICATION, DISTRIBUTION, ETC. (IMPRINT)
Place of publication :
Name of publisher Moscow ,
Year of publication 1961.
300 ## - PHYSICAL DESCRIPTION
Number of Pages 638 ; .
942 ## - ADDED ENTRY ELEMENTS (KOHA)
Koha item type Books
Holdings
Withdrawn status Lost status Damaged status Home library Current library Date acquired Full call number Accession Number Koha item type
      KAUAET KAUAET 07/04/2012 615.6 3651 Books
free website counter